Karo kari, tor tora, siyahkari, kala kali: (Record no. 577)
[ view plain ]
| 000 -LEADER | |
|---|---|
| fixed length control field | 008710000a22002290004500 |
| 003 - CONTROL NUMBER IDENTIFIER | |
| control field | LK-CoMWRAF |
| 008 - FIXED-LENGTH DATA ELEMENTS--GENERAL INFORMATION | |
| fixed length control field | 230817t2003 ||||| |||| 00| 0 eng d |
| 040 ## - CATALOGING SOURCE | |
| Original cataloging agency | LK-CoMWRAF |
| Modifying agency | LK-CoMWRAF |
| Description conventions | LK-CoMWRAF |
| 041 ## - LANGUAGE CODE | |
| Language code of text/sound track or separate title | English |
| 082 ## - DEWEY DECIMAL CLASSIFICATION NUMBER | |
| Classification number | 364.15 |
| Item number | SIX |
| 942 ## - ADDED ENTRY ELEMENTS (KOHA) | |
| Koha item type | Conference Proceeding |
| 111 ## - MAIN ENTRY--MEETING NAME | |
| Meeting name or jurisdiction name as entry element | 16 DAYS OF ACTIVISM AGAINST GENDER VIOLENCE |
| Location of meeting | (Lahore, |
| Date of meeting | 25th November 2001) |
| 700 ## - ADDED ENTRY--PERSONAL NAME | |
| Personal name | Malick, Nabila |
| relator term | editor |
| 700 ## - ADDED ENTRY--PERSONAL NAME | |
| Personal name | Saleem, Ishrat |
| relator term | editor |
| 700 ## - ADDED ENTRY--PERSONAL NAME | |
| Personal name | Hamdani, Insha |
| relator term | editor |
| 245 ## - TITLE STATEMENT | |
| Title | Karo kari, tor tora, siyahkari, kala kali: |
| Remainder of title | There is no 'honour' in Killing -National Seminar Report |
| 260 ## - PUBLICATION, DISTRIBUTION, ETC. (IMPRINT) | |
| Place of publication, distribution, etc. | Lahore: |
| Name of publisher, distributor, etc. | Shirkat Gah Women's resource centre, |
| Date of publication, distribution, etc. | 2003 |
| 300 ## - PHYSICAL DESCRIPTION | |
| Extent | 65 p. ; 28 cm. |
| 856 ## - ELECTRONIC LOCATION AND ACCESS | |
| Uniform Resource Identifier | <a href="https://shirkatgah.org/shirkat/wp-content/uploads/2017/01/Karo-Kari-Tor-Tora-Siyahkari-Kala-Kali-English.pdf">https://shirkatgah.org/shirkat/wp-content/uploads/2017/01/Karo-Kari-Tor-Tora-Siyahkari-Kala-Kali-English.pdf</a> |
| 650 ## - SUBJECT ADDED ENTRY--TOPICAL TERM | |
| Topical term or geographic name as entry element | Violence -Religious aspects |
| 650 ## - SUBJECT ADDED ENTRY--TOPICAL TERM | |
| Topical term or geographic name as entry element | Women, Violence against |
| Withdrawn status | Lost status | Damaged status | Not for loan | Permanent Location | Current Location | Date acquired | Full call number | Barcode | Koha item type |
|---|---|---|---|---|---|---|---|---|---|
| Resource center, Muslim Women's Research And Action Forum | Resource center, Muslim Women's Research And Action Forum | 2023-08-17 | 364.15 SIX | RAF4753 | Conference Proceeding |

